00381nam a2200157Ia 4500008004100000020001800041245001900059245004800078260001500126260001600141260000900157300001400166300002500180300001000205500000800215170705s9999 xx 000 0 und d a9780439733229 aSam and Jack / cSloan Culver ; illustrated by Steve Molloy. aNew York : bScholastic, c2006 a7 pages : bcolor illustration ; c23cm. a100